| 000 | 00482cam a2200193ua 4500 | ||
|---|---|---|---|
| 001 | 8081 | ||
| 008 | 150108n ii |||gr||||Z||||||hin | ||
| 040 | _cMAIN | ||
| 041 | _ahin | ||
| 082 | _a891.43 | ||
| 100 |
_aPandey, S. N., _eAuthor. |
||
| 245 | 1 |
_aAdikalin hindi sahitya _cBy S. N. Pandey |
|
| 250 | _a1st. | ||
| 260 |
_aVaranasi: _bViswavidyalaya, _c1970. |
||
| 300 | _a280p. | ||
| 653 | _aEast Indo-European & Celtic literatures | ||
| 653 | _aHindi literature | ||
| 942 | _cBK | ||
| 999 |
_c7197 _d7197 |
||